| 000 | 01015nam a2200313 a 4500 | ||
|---|---|---|---|
| 999 |
_c298 _d298 |
||
| 001 | 017535617 | ||
| 003 | UkOxU | ||
| 005 | 20190805145208.0 | ||
| 008 | 100930r20112010enka 001 0 eng d | ||
| 015 |
_aGBB0B8802 _2bnb |
||
| 020 | _a9780007309863 (pbk.) : | ||
| 035 | _a(Uk)015663440 | ||
| 035 | _a(StEdALDL)1/2471101 | ||
| 040 |
_aStDuBDS _beng _cStDuBDS |
||
| 082 | 0 | 4 |
_a510 DUS _222 |
| 100 | 1 |
_aDu Sautoy, Marcus. _eauthor |
|
| 245 | 1 | 4 |
_aThe number mysteries / _cMarcus du Sautoy. |
| 260 |
_aLondon : _bFourth Estate, _c2011. |
||
| 300 |
_axiv, 304 p. : _bill. ; _c20 cm. |
||
| 500 | _aOriginally published: 2010. | ||
| 500 | _aThis paperback edition does not have the subtitle from the original edition: "An odyssey through everyday life". | ||
| 500 | _aIncludes index. | ||
| 650 | 0 |
_aMathematics _vPopular works. |
|
| 650 | 0 | _aMathematical recreations. | |
| 942 |
_2ddc _cNFIC |
||